000 01326nam1a2200301 4500
001 RU\NLR\BIBL_A\022493199
005 20250807185219.0
035 _a(NLR Aleph) 022493199
090 _a88675
_c88675
100 _a20250318d1942 u y0rusy50 ca
101 0 _aarm
102 _aAM
105 _ay z 000 y
181 0 _ai
_baxxe
182 0 _an
200 1 _aՀանրահաշվական խնդիրների ժողովածու
_fՆ.Ա. Շապոշնիկով եվ Ն.Կ.Վայլցով
203 _aТекст
_bвизуальный
_cнепосредственный
210 _aԵրեվան
_bՀայպետհրատ
_d1942
215 _a174,[2] c.
_d22
541 1 _6z01790
_aСборник алгебраических задач
_zrus
700 1 _aՇապոշնիկով
_bՆ.Ա.
_cматематик
_f1851-1920
_gՆիկոլայ Ալեքսանդրովիչ
_3RU\NLR\AUTH\770278713
_4070
701 1 _aՎալցով
_bՆ. Կ.
_f1858-1900
_gՆիկոլայ Կոնստանտինովիչ
_3RU\NLR\AUTH\770278862
_4070
790 0 _6z01541
_aШапошников
_bН. А.
_cматематик
_f1851-1920
_gНиколай Александрович
_3RU\NLR\AUTH\770278604
852 _aNLR
_bОНЛ
_jАрм./3-5649
942 _cBOOK
945 _aРоссийская национальная библиотека
980 _aBV